| 000 | 00883nam a2200277 i 4500 | ||
|---|---|---|---|
| 003 | DO-SdBNP | ||
| 005 | 20251029083719.0 | ||
| 006 | a||||gr|||| 00| 0 | ||
| 007 | ta | ||
| 008 | 230822e1999 dr ||||| |||| 00| 0 spa d | ||
| 040 |
_aDO-SdBNP _bspa _cBNPHU _erda |
||
| 041 | _aspa | ||
| 082 | 4 |
_axxx _bL333e, 1999 _222 |
|
| 100 | 1 |
_aLarrañaga, Ignacio, _d1928-2013 _975774 _eautor |
|
| 245 | 1 | 0 |
_aEncuentro: _bmanual de oración. / _cIngnacio Larrañaga |
| 250 | _aDecimo séptima edición. | ||
| 264 | 1 |
_a[Santo Domingo] : _bEdiciones Talleres de Oración y vida, _c1999 |
|
| 300 |
_a150 página ; _c17 cm. |
||
| 336 |
_2rdacontent _atexto _btxt |
||
| 337 |
_2rdamedia _asin mediación _bn |
||
| 338 |
_2rdacarrier _avolumen _bnc |
||
| 500 | _aIncluye datos biográficos de la autora en la contracubierta. | ||
| 590 | _aInventariado 2023 / MF | ||
| 910 | _aMF | ||
| 942 |
_2ddc _cLBS1 |
||
| 999 |
_c54503 _d54503 |
||